Bitvy beze zbraní : 1990-2000 : co užitečného přinesly soudní procesy s odpírači vojenské služby /

Hlavní autor: Müller, Lubomír, 1954-
Jazyk: Čeština
Vydáno: Praha : Ostrov, 2000
Vydání: 1. vyd.
Témata:
Externí odkaz: Digitalizovaný dokument
Fyzický popis: 95 s. : il. ; 20 cm
Knihy
Uloženo v:
LEADER 01679nam a2200445 a 4500
001 000486014
003 CZ BrMZK
005 20070712131338.0
007 ta
008 000115s2000 xr f cze d
015 |a cnb000885964 
020 |a 80-86289-08-7 
035 |a (OCoLC)47216823 
040 |a BOA001  |b cze 
043 |a e-xr--- 
072 7 |a 342  |x Ústavní právo. Správní právo  |2 Konspekt  |9 16 
080 |a 172.4  |2 MRF 
080 |a 355.016  |2 MRF 
080 |a 342.731  |2 MRF 
080 |a 343.1  |2 MRF 
080 |a 347.9  |2 MRF 
080 |a 347.951  |2 MRF 
080 |a (437.3)  |2 MRF 
080 |a (078.7)  |2 MRF 
100 1 |a Müller, Lubomír,  |d 1954-  |7 jn20010601363  |4 aut 
245 1 0 |a Bitvy beze zbraní :  |b 1990-2000 : co užitečného přinesly soudní procesy s odpírači vojenské služby /  |c Lubomír Müller 
250 |a 1. vyd. 
260 |a Praha :  |b Ostrov,  |c 2000 
300 |a 95 s. :  |b il. ;  |c 20 cm 
500 |a Souhrn angl., něm. 
500 |a Dostupné též v digitální podobě v aplikaci Kramerius 
650 0 7 |a odpírání vojenské služby  |7 ph162021  |z Česko  |y 1990-2000  |2 czenas 
650 0 7 |a svoboda svědomí  |7 ph126308  |z Česko  |y 1990-2000  |2 czenas 
650 0 7 |a soudní procesy  |7 ph125856  |z Česko  |y 1990-2000  |2 czenas 
650 0 7 |a soudní nálezy a usnesení  |7 ph137437  |z Česko  |y 1990-2000  |2 czenas 
655 7 |a případové studie  |7 fd133208  |2 czenas 
856 4 1 |u http://www.digitalniknihovna.cz/mzk/uuid/uuid:2a5e2e10-3476-11e7-ad2f-005056827e51  |y Digitalizovaný dokument  |x NDK 
910 |a BOA001  |b 2-1074.562 
990 |a BK 
996 6 |b 2610117512  |c 2-1074.562  |l MZK  |r Sklad / do 1 hodiny  |n 2  |p p.v.  |w 000486014  |u 000010  |a 1  |e BOA001  |j MZK50  |s P